000 01115nam a2200265 i 4500
001 bg
245 0 0 _aRenaturalizacja ekosystemów wodno-torfowiskowych na Pojezierzu Łęczyńsko-Włodawskim :
_bpraca zbiorowa /
_cpod red. Tadeusza J[ana] Chmielewskiego, Mariana Harasimiuka, Stanisława Radwana ; Wojewoda Lubelski, Lubelska Fundacja Ochrony Środowiska Naturalnego, Uniwersytet Marii Curie-Skłodowskiej.
260 _aLublin :
_bWydaw. UMCS,
_c1996.
300 _a134, [10] s. fot. kolor. :
_bmapy, wykr. ;
_c24 cm.
504 _aBibliogr. przy rozdz.- Summ.
650 9 _aJeziora
_xekologia
_zPolska
650 9 _aTorfowisko
_xekologia
_zPolska
651 9 _aŁęczyńsko-Włodawska, Równina
_xfauna i flora
651 9 _aŁęczyńsko-Włodawska, Równina
_xhydrologia
700 1 _aCHMIELEWSKI, Tadeusz Jan.
_d(1950- ).
_eRed.
700 1 _aHARASIMIUK, Marian.
_eRed.
700 1 _aRADWAN, Stanisław.
_eRed.
020 _a8322709110
040 _cBPK
041 0 _apl
_ben
080 _a504.7+556.5:574.5](438)
920 _a83-227-0911-0
942 _cKS
008 s pl f |000 0 pol
999 _c31900
_d31900
856 _uhttp://koha.tu.koszalin.pl/cgi-bin/koha/opac-detail.pl?biblionumber=31900
_yKatalog online BPK